| 000 | 00531nam a22001697a 4500 | ||
|---|---|---|---|
| 005 | 20251108165547.0 | ||
| 008 | 250721s9999 xx 000 0 ara d | ||
| 082 | 1 | 4 | _aط/523.1/موف |
| 100 | 1 | _aعدي، موفق | |
| 245 | 1 | 0 | _aالكون / |
| 264 | 1 |
_aدمشق : _bدار المؤيد، _c[19-]. |
|
| 300 | _a48ص | ||
| 490 | 0 | _aالموسوعة العربية المبسطة للمعارف و العلوم ؛3 : البطريق الرائد يتحدث عن | |
| 650 | 1 | 7 | _aالفضاء |
| 942 |
_2ddc _cBK |
||
| 999 |
_c30778 _d30778 |
||